|
|
|
|
| LEADER |
00000nab a2200000 a 4500 |
| 001 |
vtls000764476 |
| 003 |
SK-MaSNL |
| 005 |
20260304111928.0 |
| 008 |
250429c2000 xo 0 slo |
| 015 |
|
|
|a SNBRB2001/08-23297
|
| 035 |
|
|
|a CLN000116263
|
| 035 |
|
|
|a urn:nbn:sk:snk-ab77a6
|
| 035 |
|
|
|a (uuid)6bd34331-0184-40ed-967b-157a440f6eb9
|
| 035 |
|
|
|a (urnnbn)urn:nbn:sk:snk:ar-a07370
|
| 035 |
|
|
|a (sysno)vtls000764476
|
| 040 |
|
|
|a SNKBUCL
|b slo
|c SNKBUCL
|e AACR2
|
| 041 |
0 |
|
|a slo
|
| 044 |
|
|
|a xo
|c SK
|
| 080 |
|
|
|a 553.96(234.372.3)
|2 1997
|
| 245 |
0 |
0 |
|a Zhodnotenie prognóznych zdrojov hnedého uhlia v oblasti centrálneho Vtáčnika (Handlová-juh)
|c Ladislav Šimon ... [et al.]
|
| 300 |
|
|
|b Obr., tab.
|
| 504 |
|
|
|a Res. slov.
|
| 504 |
|
|
|a Bibliogr. odkazy
|
| 650 |
0 |
7 |
|a uhlie hnedé
|x zdroje prognózne
|z Vtáčnik (Slovensko)
|2 snkbucl
|9 1413174
|
| 651 |
|
7 |
|a Vtáčnik (Slovensko : pohorie)
|2 snkbucl
|9 164700
|
| 655 |
|
7 |
|a články z novín a časopisov
|2 snkbucl
|9 267496
|
| 700 |
1 |
|
|a Šimon, Ladislav,
|d 1938-
|4 aut
|9 99746
|
| 700 |
1 |
|
|a Verbich, František
|4 aut
|9 812086
|
| 700 |
1 |
|
|a Beck, Jozef
|4 aut
|9 323572
|
| 700 |
1 |
|
|a Sámal, Jozef
|4 aut
|9 812087
|
| 700 |
1 |
|
|a Fazekaš, Jozef
|4 aut
|9 513827
|
| 773 |
0 |
|
|t Geologické práce
|g Č. 104 (2000), s. 46-52
|x 0433-4795
|
| 850 |
|
|
|a Slovenská národná knižnica
|
| 852 |
|
|
|a Slovenská národná knižnica
|
| 954 |
|
|
|a odborná, vedecká literatúra pôvodná (slovenská)
|2 lita
|
| 958 |
|
|
|a article27
|
| 958 |
|
|
|a NB
|
| 958 |
|
|
|a SK
|
| 958 |
|
|
|a OND
|
| 958 |
|
|
|a EUIPO
|
| 999 |
|
|
|c 2863545
|d 2865475
|